Homosexuelle unter dem Hakenkreuz: die Verfolgung von Homosexuellen im Dritten Reich
| Main Author: | |
|---|---|
| Format: | Print Book |
| Language: | German |
| Published: |
Paderborn
Schöningh
1990
|
| In: | Year: 1990 |
| Online Access: |
Table of Contents Table of Contents |
| Availability in Tübingen: | Present in Tübingen. IFK: C X 223 |
| Check availability: | HBZ Gateway |
| Subito Delivery Service: | Order now. |
| Keywords: |
MARC
| LEADER | 00000cam a2200000 c 4500 | ||
|---|---|---|---|
| 001 | 024729213 | ||
| 003 | DE-627 | ||
| 005 | 20260206194950.0 | ||
| 007 | tu | ||
| 008 | 910805s1990 gw ||||| m 00| ||ger c | ||
| 010 | |a 91122616 | ||
| 015 | |a 90,N36,0714 |2 dnb | ||
| 015 | |a 90,N36,0714 |2 dnb | ||
| 016 | 7 | |a 901188484 |2 DE-101 | |
| 020 | |a 3506774824 |9 3-506-77482-4 | ||
| 035 | |a (DE-627)024729213 | ||
| 035 | |a (DE-603)013178148 | ||
| 035 | |a (DE-576)022171649 | ||
| 035 | |a (DE-599)GBV024729213 | ||
| 035 | |a (OCoLC)24286084 | ||
| 035 | |a (AT-OBV)AC00117860 | ||
| 040 | |a DE-627 |b ger |c DE-627 |e rakwb | ||
| 041 | |a ger | ||
| 044 | |c XA-DE | ||
| 050 | 0 | |a HQ76.2.G4 | |
| 084 | |a PSY 420 (50) |2 sfb | ||
| 084 | |a GESCH 432,8 |2 sfb | ||
| 084 | |a 64 |2 sdnb | ||
| 084 | |a 64 |a 63 |2 sdnb | ||
| 084 | |a 1 |2 ssgn | ||
| 084 | |a NZ 97955 |2 rvk |0 (DE-625)rvk/134975: | ||
| 084 | |a XB 3370 |2 rvk |0 (DE-625)rvk/152454: | ||
| 084 | |a NQ 2340 |2 rvk |0 (DE-625)rvk/128253: | ||
| 084 | |a NQ 2306 |2 rvk |0 (DE-625)rvk/128247: | ||
| 084 | |a NQ 2350 |2 rvk |0 (DE-625)rvk/128254: | ||
| 084 | |a 71.25 |2 bkl | ||
| 084 | |a 71.67 |2 bkl | ||
| 100 | 1 | |a Jellonnek, Burkhard |d 1957- |0 (DE-588)122684958 |0 (DE-627)082090920 |0 (DE-576)167134256 |4 aut | |
| 109 | |a Jellonnek, Burkhard 1957- | ||
| 245 | 1 | 0 | |a Homosexuelle unter dem Hakenkreuz |b die Verfolgung von Homosexuellen im Dritten Reich |c Burkhard Jellonnek |
| 264 | 1 | |a Paderborn |b Schöningh |c 1990 | |
| 300 | |a 354 S. |b graph. Darst. |c 24 cm | ||
| 336 | |a Text |b txt |2 rdacontent | ||
| 337 | |a ohne Hilfsmittel zu benutzen |b n |2 rdamedia | ||
| 338 | |a Band |b nc |2 rdacarrier | ||
| 490 | 0 | |a Sammlung Schöningh zur Geschichte und Gegenwart | |
| 500 | |a Literaturverz. S. [335] - 348 | ||
| 502 | |a Teilw. zugl.: Münster, Univ., Diss., 1989 | ||
| 583 | 1 | |a Massenentsäuerung nicht möglich |2 pdager |5 DE-18-64 | |
| 583 | 1 | |a Archivierung/Langzeitarchivierung gewährleistet |f SLG |x XA-DE-BW |z BfZ |2 pdager |5 DE-24 | |
| 583 | 1 | |a Archivierung/Langzeitarchivierung gewährleistet |f SSG |x XA-DE-BW |2 pdager |5 DE-21 | |
| 648 | 7 | |a Geschichte 1933-1945 |2 gnd | |
| 648 | 4 | |a Geschichte 1933-1945 | |
| 650 | 0 | |a Male homosexuality |x Government policy |z Germany |x History |y 20th century | |
| 650 | 0 | |a National Socialism | |
| 650 | 0 | 7 | |0 (DE-588)4025801-4 |0 (DE-627)106291467 |0 (DE-576)208962964 |a Homosexueller |2 gnd |
| 650 | 0 | 7 | |0 (DE-588)4127664-4 |0 (DE-627)10572310X |0 (DE-576)209595485 |a Verfolgung |2 gnd |
| 650 | 0 | 7 | |0 (DE-588)4025801-4 |0 (DE-627)106291467 |0 (DE-576)208962964 |a Homosexueller |2 gnd |
| 650 | 0 | 7 | |0 (DE-588)4127664-4 |0 (DE-627)10572310X |0 (DE-576)209595485 |a Verfolgung |2 gnd |
| 650 | 0 | 7 | |0 (DE-588)4013021-6 |0 (DE-627)104682922 |0 (DE-576)208901639 |a Drittes Reich |2 gnd |
| 650 | 4 | |a Homosexualität, Kriminalpolizei | |
| 651 | 0 | |a Germany |x Social conditions |y 1933-1945 | |
| 651 | 7 | |0 (DE-588)4011882-4 |0 (DE-627)104704861 |0 (DE-576)208896155 |a Deutschland |2 gnd | |
| 655 | 7 | |a Hochschulschrift |0 (DE-588)4113937-9 |0 (DE-627)105825778 |0 (DE-576)209480580 |2 gnd-content | |
| 689 | 0 | 0 | |d g |0 (DE-588)4011882-4 |0 (DE-627)104704861 |0 (DE-576)208896155 |a Deutschland |2 gnd |
| 689 | 0 | 1 | |d s |0 (DE-588)4025801-4 |0 (DE-627)106291467 |0 (DE-576)208962964 |a Homosexueller |2 gnd |
| 689 | 0 | 2 | |d s |0 (DE-588)4127664-4 |0 (DE-627)10572310X |0 (DE-576)209595485 |a Verfolgung |2 gnd |
| 689 | 0 | 3 | |a z |2 gnd |a Geschichte 1933-1945 |
| 689 | 0 | |5 DE-101 | |
| 689 | 1 | 0 | |d s |0 (DE-588)4013021-6 |0 (DE-627)104682922 |0 (DE-576)208901639 |a Drittes Reich |2 gnd |
| 689 | 1 | 1 | |d s |0 (DE-588)4025801-4 |0 (DE-627)106291467 |0 (DE-576)208962964 |a Homosexueller |2 gnd |
| 689 | 1 | 2 | |d s |0 (DE-588)4127664-4 |0 (DE-627)10572310X |0 (DE-576)209595485 |a Verfolgung |2 gnd |
| 689 | 1 | |5 DE-101 | |
| 689 | 2 | 0 | |d g |0 (DE-588)4011882-4 |0 (DE-627)104704861 |0 (DE-576)208896155 |a Deutschland |2 gnd |
| 689 | 2 | 1 | |d s |0 (DE-588)4025801-4 |0 (DE-627)106291467 |0 (DE-576)208962964 |a Homosexueller |2 gnd |
| 689 | 2 | 2 | |d s |0 (DE-588)4127664-4 |0 (DE-627)10572310X |0 (DE-576)209595485 |a Verfolgung |2 gnd |
| 689 | 2 | 3 | |d s |0 (DE-588)4013021-6 |0 (DE-627)104682922 |0 (DE-576)208901639 |a Drittes Reich |2 gnd |
| 689 | 2 | 4 | |a z |2 gnd |a Geschichte |
| 689 | 2 | |5 (DE-627) | |
| 751 | |a Münster (Westf) |0 (DE-588)4040608-8 |0 (DE-627)818071567 |0 (DE-576)209041323 |4 uvp | ||
| 856 | 4 | 2 | |u http://www.gbv.de/dms/hbz/toc/ht003766390.PDF |m V:DE-605 |v 2008-11-15 |x Verlag |y Inhaltsverzeichnis |3 Inhaltsverzeichnis |7 1 |
| 856 | 4 | 2 | |u http://scans.hebis.de/HEBCGI/show.pl?01317814_toc.pdf |m V:DE-603;B:DE-17 |q application/pdf |3 Inhaltsverzeichnis |7 1 |
| 935 | |a mteo | ||
| 935 | |i Blocktest | ||
| 935 | |h HEB |i 0501 | ||
| 935 | |h HEB |i 0503 | ||
| 936 | r | v | |a NZ 97955 |b 19./20. Jahrhundert |k Geschichte |k Regionale Landeskunde |k Fränkische Landeskunde |k Einzelne Orte |k Würzburg |k Geschichte |k Darstellungen |k 19./20. Jahrhundert |0 (DE-627)1271564920 |0 (DE-625)rvk/134975: |0 (DE-576)201564920 |
| 936 | r | v | |a XB 3370 |b Medizin während des Nationalsozialismus |k Medizin |k Geschichte der Medizin |k Epochen und Kulturkreise |k 19. und 20. Jahrhundert |k Medizin während des Nationalsozialismus |0 (DE-627)1271622211 |0 (DE-625)rvk/152454: |0 (DE-576)201622211 |
| 936 | r | v | |a NQ 2340 |b Allgemeines |k Geschichte |k Geschichte seit 1918 |k Drittes Reich |k Innere Geschichte |k NS-Terror |k Allgemeines |0 (DE-627)1270750798 |0 (DE-625)rvk/128253: |0 (DE-576)200750798 |
| 936 | r | v | |a NQ 2306 |b Sonstige Gesellschaftsschichten und Berufsgruppen |k Geschichte |k Geschichte seit 1918 |k Drittes Reich |k Innere Geschichte |k Sonstige Gesellschaftsschichten und Berufsgruppen |0 (DE-627)1271139073 |0 (DE-625)rvk/128247: |0 (DE-576)201139073 |
| 936 | r | v | |a NQ 2350 |b Konzentrationslager, Euthanasie etc. |k Geschichte |k Geschichte seit 1918 |k Drittes Reich |k Innere Geschichte |k NS-Terror |k Konzentrationslager, Euthanasie etc. |0 (DE-627)1270875485 |0 (DE-625)rvk/128254: |0 (DE-576)200875485 |
| 936 | b | k | |a 71.25 |j Sexualität |x Soziologie |0 (DE-627)106409050 |
| 936 | b | k | |a 71.67 |j Sexualität als soziales Problem |0 (DE-627)106412205 |
| 936 | s | n | |a n100 |2 mzub |
| 951 | |a BO | ||
| ELC | |b 1 | ||
| LOK | |0 000 xxxxxcx a22 zn 4500 | ||
| LOK | |0 001 3345817594 | ||
| LOK | |0 003 DE-627 | ||
| LOK | |0 004 024729213 | ||
| LOK | |0 005 20020607000000 | ||
| LOK | |0 008 931213||||||||||||||||ger||||||| | ||
| LOK | |0 040 |a DE-21-110 |c DE-627 |d DE-21-110 | ||
| LOK | |0 852 |a DE-21-110 | ||
| LOK | |0 852 1 |c C X 223 |m p |9 00 | ||
| LOK | |0 935 |a k110 | ||
| LOK | |0 936ln |a 10.2.1 | ||
| LOK | |0 938 |k p | ||
| LOK | |0 939 |a 13-12-93 |b l01 | ||
| ORI | |a SA-MARC-krimdoka001.raw | ||
| SIG | |a IFK: C X 223 | ||
| TIM | |a 100019330101_100019451231 |b Geschichte 1933-1945 | ||
